LEADER 01493nam a2200325 a 4500 001 000000127011 003 CaOOAMICUS 005 20111115090006.0 008 111115t2011 it u000 u ita r 020 $a978-88-311-3376-0 040 $aPUL$bita 082 04$a262 245 03$aIl compiersi del corpo ecclesiale :$b"Mi hai preparato un corpo" (Eb. 10, 5) /$cRosario La Delfa (ed.) ; contributi di Giuseppe Bellia ... [et al]. 260 $aRoma :$bCittà Nuova,$c2011$aPalermo :$bFacoltà Teologica di Sicilia,$c2011. 300 $a337 p. ;$c21 cm 490 1 $aCollana di teologia ;$v69 504 $aBibliografia in nota. 650 14$aEcclesiologia.$0(OLS)http://pul/subject/22628 700 1 $aLa Delfa, Rosario.$0(OLS)http://pul/name/70425 700 1 $aBellia, Giuseppe.$0(OLS)http://pul/name/34838 830 0$aCollana di teologia ;$v69.$0(OLS)http://pul/title/18581 850 $aPUL 852 $aPUL$W1$xSL Religione 3$y85$m262 LADRO 1$j146863$qDDC 21$B145557$CPULBib$Z2$F145557 $H118228 $82 941 1 $a9 996 $6020$a978-88-311-3376-0$9(OLS)http://pul/number/148477 996 $6082$a262$9(OLS)http://pul/classification/438 996 $6245$aIl compiersi del corpo ecclesiale :$b"Mi hai preparato un corpo" (Eb. 10, 5)$9(OLS)http://pul/title/160455 996 $6260$aRoma :$bCittà Nuova$9(OLS)http://pul/publisher/47927 996 $6260$aPalermo :$bFacoltà Teologica di Sicilia$9(OLS)http://pul/publisher/55077 LEADER 01298nam a2200301 a 4500 001 000000125378 003 CaOOAMICUS 005 20110520095806.0 008 110520s2010 nyuab u000 u eng r 020 $a978-0-521-71372-6 040 $aPUL$bita 082 04$a200.5 245 04$aThe Cambridge companion to Muhammad /$cedited by Jonathan E. Brockopp. 260 $aNew York :$bCambridge University Press,$c2010. 300 $axvii, 325 p. :$bill., c. geogr. ;$c23 cm 490 1 $aCambridge companions to religion 504 $aInclude riferimenti bibliografici ed indice. 600 04$aMuhammad,$cil profeta,$d571-632.$0(OLS)http://pul/subject/14205 700 1 $aBrockopp, Jonathan E.$0(OLS)http://pul/name/79334 830 0$aCambridge companions to religion.$0(OLS)http://pul/title/103298 850 $aPUL 852 $aPUL$W1$xSL Religione 3$y85$m200. 5 COLL 1.13$j144392$qDDC 21$B143421$CPULBib$Z2$F143421 $H115572 $82 941 1 $a9 996 $6020$a978-0-521-71372-6$9(OLS)http://pul/number/147229 996 $6082$a200.5$9(OLS)http://pul/classification/465 996 $6245$aThe Cambridge companion to Muhammad$9(OLS)http://pul/title/158094 996 $6260$aNew York :$bCambridge University Press$9(OLS)http://pul/publisher/74871